La saga des Hachémites : la tragédie du Moyen-Orient, 1909-1999 /

محفوظ في:

المؤلف الرئيسي: Kauffer, Rémi (مؤلف)

التنسيق: كتاب

اللغة: French

منشور في: Paris : Stock, c2009.

الموضوعات:

الوسوم: إضافة وسم

لا توجد وسوم, كن أول من يضع وسما على هذه التسجيلة!

رقم الطلب: DS62.8 .K38 2009

LEADER 00886namaa2200253 4500
001 22551
003 OSt
005 20211124135531.0
008 130303s2009 fr ab g b 000 0 fre d
952 |0 0  |1 0  |2 lcc  |4 0  |6 DS00628 K38 02009  |7 1  |9 23496  |a ARCE  |b ARCE  |d 2021-11-24  |l 0  |o DS62.8 .K38 2009  |p 1014464  |r 2021-11-24 00:00:00  |w 2021-11-24  |y BK 
999 |c 28622  |d 28622 
010 |a 2009431683 
020 |a 9782234059788 
020 |a 223405978X 
040 |c ARCE Library 
050 4 |a DS62.8 .K38 2009 
100 1 |a Kauffer, Rémi,  |e author  |9 33662 
245 1 3 |a La saga des Hachémites :  |b la tragédie du Moyen-Orient, 1909-1999 /  |c Rémi Kauffer. 
264 1 |a Paris :   |b Stock,   |c c2009. 
300 |a 584 pages :   |b illustrations, maps ;   |c 24 cm. 
504 |a Includes bibliographical references (p. 551-[570]). 
650 0 |a Hashimites  |x History  |y 20th century. 
901 |a reviewed 
942 |c BK  |2 lcc